| 000 | 00415nam a2200157Ia 4500 | ||
|---|---|---|---|
| 008 | 240729s9999 xx 000 0 und d | ||
| 022 | _a1687-9759 | ||
| 245 | 0 | _aInternational Journal of Pediatrics | |
| 260 | _aUnited Kingdom | ||
| 260 | _bHindawi Limited | ||
| 650 | _a Pediatrics | ||
| 650 | _aMedicine | ||
| 856 | _uhttps://doaj.org/toc/c872582bba2942619f55e1bf415e70d9 | ||
| 942 | _2ddc | ||
| 942 | _cDOAJEJ | ||
| 999 |
_c71423 _d71423 |
||
| 945 |
_a1 _bMadushi Gamage _c1 _dMadushi Gamage |
||